00473nam a2200181 a 4500001001300000003000900013005001700022008004100039020001000080082001600090100001900106245001600125260006100141300000800202500003500210650002700245700001900272nice12345678IN_TiNIC20260116011652.0070619s1950 cala grc 000 0 bng  ac10000a232.9bJON1 aJones, L Bevan aBest Friend aCalcuttabCalcutta Christian Tract and Book Societc1950 a92p aincludes index and biblioraphy aJesus Christ-Biography1 aJones, L Bevan